|
|
|
|
| LEADER |
00000nta a2200000 i 4500 |
| 001 |
dolg4479 |
| 005 |
20160216103208.0 |
| 008 |
151216suuuu hu om 000 hun d |
| 040 |
|
|
|a BGE Dolgozattár Repozitórium
|b hun
|
| 041 |
|
|
|a hu
|
| 100 |
1 |
|
|a Birkás Réka
|
| 245 |
1 |
2 |
|a A turizmus/ vendéglátás/ szállodaipar területén való továbbtanulás motivációi
|c Birkás Réka
|h [elektronikus dokumentum]
|
| 246 |
1 |
1 |
|a A turizmus/ vendéglátás/ szállodaipar területén való továbbtanulás motivációi
|
| 695 |
|
|
|a továbbtanulás
|
| 695 |
|
|
|a MA diplomások helyzete
|
| 700 |
1 |
|
|a Szalók Dr. Csilla
|e ths
|
| 856 |
4 |
0 |
|u http://dolgozattar.uni-bge.hu/4479/1/Birk%C3%A1s%20R%C3%A9ka.pdf
|z Dokumentum-elérés
|